00727nam a2200253 a 4500001001300000003000900013005001700022008004100039020001000080082002200090100002000112245003000132260003800162300000900200500003500209505001000244650001800254650001600272700002000288902000800308942000700316952013500323999001500458nice12345678IN_TiNIC20260116012925.0050524s1989 dela grp 000 0 eng  ac20000a323.39710954bANS aAnsari, Iqbal A aMuslim Situation in India aDelhibSterling Publishers c1989 a253p aincludes index and biblioraphy2 aindex aMuslims-India aIslam-India1 aAnsari, Iqbal A bSRS cBK 001040708StackRoom-aHMIbHMId2013-01-15g200.00l3o323.39710954 ANSp013294r2023-12-01s2023-11-20v200.00w2005-05-24yBK c8910d8910